Baby names that start with the letter J - Statistics

General Stats
  • This quiz has been taken 218 times
  • The average score is 22 of 39
Answer Stats
Hint Answer % Correct
1 Jack
94%
John
94%
James
92%
Jason
85%
Julia
83%
Jose
82%
Joseph
77%
Jessica
76%
Jackson
74%
Jane
72%
Jennifer
72%
Julie
72%
Joe
70%
Joshua
70%
Jay
69%
Justin
63%
Jeremy
62%
Jade
60%
Jorden
60%
Joy
57%
2 Jim
55%
Jasmine
54%
Jill
54%
Jonathan
54%
Jeff
53%
June
50%
Joanna
46%
Jayden
43%
Jeremiah
43%
Juliet
41%
Josephine
38%
Josie
37%
Jonas
29%
Jace
23%
Juliana
21%
Jessa
14%
Jonny
10%
Jordyn
7%
Jefferson
4%
No matching quizzes found
Score Distribution
Percent of People with Each Score
Percentile by Number Answered
Your Score History
You have not taken this quiz